书目信息 |
| 题名: |
美国
|
|
| 作者: | 余洋 编著 | |
| 分册: | ||
| 出版信息: | 北京 中国建筑工业出版社 2021.02 |
|
| 页数: | 419页 | |
| 开本: | 20cm | |
| 丛书名: | 世界建筑旅行地图 | |
| 单 册: | ||
| 中图分类: | TU-867.12 , TU-86 | |
| 科图分类: | ||
| 主题词: | 建筑艺术--jian zhu yi shu--介绍--美国 | |
| 电子资源: | ||
| ISBN: | 978-7-112-22680-1 | |
| 000 | 01039nam 2200289 450 | |
| 001 | 2266996584 | |
| 005 | 20221021194708.05 | |
| 010 | @a978-7-112-22680-1@dCNY98.00 | |
| 100 | @a20210427d2021 em y0chiy50 ea | |
| 101 | 0 | @achi |
| 102 | @aCN@b110000 | |
| 105 | @aab z 001yy | |
| 200 | 1 | @a美国@Amei guo@d= United States of America@f余洋编著@zeng |
| 210 | @a北京@c中国建筑工业出版社@d2021.02 | |
| 215 | @a419页@c彩图, 地图@d20cm | |
| 225 | 2 | @a世界建筑旅行地图@Ashi jie jian zhu lu^ xing di tu |
| 314 | @a余洋, 武汉大学城市设计学院教师, 武汉大学城市系统工程博士, 国家注册城市规划师。 | |
| 320 | @a有索引 | |
| 330 | @a本书收录了美国20个城市的约840多个建筑案例, 数量可谓不少, 但相对美国50个州。数十个主要城市而言, 仍然只是其中很小的一部分。 | |
| 410 | 0 | @12001 @a世界建筑旅行地图 |
| 510 | 1 | @aUnited States of America@zeng |
| 606 | 0 | @a建筑艺术@Ajian zhu yi shu@x介绍@y美国 |
| 690 | @aTU-867.12@v5 | |
| 690 | @aTU-86@v4 | |
| 701 | 0 | @a余洋@Ayu yang@4编著 |
| 801 | 0 | @aCN@b人天书店@c20210427 |
| 905 | @aZUCC@dTU-86@e11 | |
| 美国= United States of America/余洋编著.-北京:中国建筑工业出版社,2021.02 |
| 419页:彩图, 地图;20cm.-(世界建筑旅行地图) |
| ISBN 978-7-112-22680-1:CNY98.00 |
| 本书收录了美国20个城市的约840多个建筑案例, 数量可谓不少, 但相对美国50个州。数十个主要城市而言, 仍然只是其中很小的一部分。 |
| ● |
| 相关链接 |
|
|
|
正题名:美国
索取号:TU-86/11
 
预约/预借
| 序号 | 登录号 | 条形码 | 馆藏地/架位号 | 状态 | 备注 |
| 1 | 2000893116 | 2000893116 | 第三书库/ [索取号:TU-86/11] | 在馆 | |
| 2 | 2000893117 | 2000893117 | 第三书库/ [索取号:TU-86/11] | 在馆 | |
| 3 | 2000893118 | 2000893118 | 第三书库/ [索取号:TU-86/11] | 在馆 |